Statistics for Mortal Kombat Signature Moves

Click here to take the quiz!

General Stats

  • This quiz has been taken 665 times
    (651 since last reset)
  • The average score is 11 of 15

Answer Stats

HintAnswer% Correct
laser eyekano
95%
bicycle kickliu kang
94%
spear throwscorpion
93%
nut crackerjohnny cage
92%
acid spitreptile
89%
energy netcyrax
76%
kiss of deathsonya blade
75%
war hammer smashshao kahn
68%
tomahawk thrownightwolf
67%
shadow thrownoob saibot
67%
shape shiftshang tsung
67%
spine ripsub zero
61%
aerial back breakerjax
57%
teleport slamraiden
38%
bearhug hammerfistsgoro
37%

Score Distribution

Percentile by Number Answered

Percent of People with Each Score

Your Score History

You have not taken this quiz since the last reset